000 00904nam a2200265Ia 4500
003 OSt
005 20221005105924.0
006 a|||||r|||| 00| 0
007 ta
008 221004b |||||||| |||| 00| 0 hin d
020 _a9788126025497 (pbk)
_c200
024 _a92563
037 _b523, 19/03/2009, Vani Prakashan
_cTextual
040 _aCRL
_cCRL
_bhin
041 _2hin
_ahin
082 _aO152,1N24:g, P8
100 _aपांडेय, भवदेव
245 0 _aआलम
246 _aĀlama
260 _aनई दिल्ली
_bसाहित्य अकादेमी भारत
_c2008
300 _a112पृ0
_ccm.
490 _aभारतीय साहित्य के निर्माता
942 _hO152,1N24:g, P8
_cTEXL
_2cc
999 _c1017284
_d1017284